Learning Resource and Development

Psychology for nurses and the caring professions/ (Record no. 4022)

MARC details
000 -LEADER
fixed length control field 00965nam a22003017a 4500
005 - DATE AND TIME OF LATEST TRANSACTION
control field 20230512222033.0
008 - FIXED-LENGTH DATA ELEMENTS--GENERAL INFORMATION
fixed length control field 180507t xxu||||| |||| 00| 0 eng d
020 ## - INTERNATIONAL STANDARD BOOK NUMBER
International Standard Book Number 9780071275637
040 ## - CATALOGING SOURCE
Transcribing agency CSPC
082 0# - DEWEY DECIMAL CLASSIFICATION NUMBER
Classification number 150.2461073
Item number W151p
100 ## - MAIN ENTRY--PERSONAL NAME
Personal name Walker, Jan,
Relator term author.
245 00 - TITLE STATEMENT
Title Psychology for nurses and the caring professions/
Statement of responsibility, etc. Jan Walker
250 ## - EDITION STATEMENT
Edition statement Third (3rd)
Remainder of edition statement edition.
260 ## - PUBLICATION, DISTRIBUTION, ETC.
Place of publication, distribution, etc. New York :
Name of publisher, distributor, etc. McGraw-Hill ;
Date of publication, distribution, etc. 2007.
300 ## - PHYSICAL DESCRIPTION
Extent x, 275 pages :
Other physical details figures, tables ;
Dimensions 23 cm.
500 ## - GENERAL NOTE
General note Includes Index.
650 10 - SUBJECT ADDED ENTRY--TOPICAL TERM
Topical term or geographic name entry element Nursing
Form subdivision Psychological aspects.
650 10 - SUBJECT ADDED ENTRY--TOPICAL TERM
Topical term or geographic name entry element Patients
Form subdivision Psychology.
650 10 - SUBJECT ADDED ENTRY--TOPICAL TERM
Topical term or geographic name entry element Clinical health psychology.
650 10 - SUBJECT ADDED ENTRY--TOPICAL TERM
Topical term or geographic name entry element Psychology, Applied.
700 1# - ADDED ENTRY--PERSONAL NAME
Personal name Payne, Sheila,
Relator term author.
700 1# - ADDED ENTRY--PERSONAL NAME
Personal name Smith, Paula,
Relator term author.
700 1# - ADDED ENTRY--PERSONAL NAME
Personal name Jarrett, Nikki,
Relator term author.
940 ## - EQUIVALENCE OR CROSS-REFERENCE--UNIFORM TITLE [OBSOLETE] [CAN/MARC only]
Uniform title <a href="yves">yves</a>
942 ## - ADDED ENTRY ELEMENTS (KOHA)
Koha item type
-- NUR 150.2461073 W151p 2007
Holdings
Withdrawn status Lost status Damaged status Not for loan Home library Current library Shelving location Date acquired Total Checkouts Full call number Barcode Date last seen Copy number Price effective from Koha item type
        Main Library Main Library Nursing Section 05/12/2023   NUR 150.2461073 W151p 2007 009953 05/12/2023 1-1 05/12/2023 Books